[Event "Manaus op"]
[Site "Manaus"]
[Date "2024.10.12"]
[Round "3"]
[White "Gutierrez, Enrique Alberto Sot"]
[Black "Brandalise, Ricardo"]
[Result "1/2-1/2"]
[WhiteElo "1907"]
[BlackElo "1727"]
[PlyCount "71"]
[EventDate "2024.10.11"]
[EventType "swiss"]
[EventRounds "9"]
[EventCountry "BRA"]
[SourceTitle "CB43_2024"]
[Source "Chessbase"]
[SourceDate "2024.10.23"]
[SourceVersion "1"]
[SourceVersionDate "2024.10.23"]
[SourceQuality "1"]

1. d4 d5 2. c4 c6 3. Nc3 Nf6 4. e3 e6 5. Bd3 Bd6 6. f4 a6 7. c5 Bc7 8. Nf3 b6 9. cxb6 Bxb6 10. 0-0 c5 11. Na4 cxd4 12. Nxb6 Qxb6 13. Qa4+ Bd7 14. Qxd4 Qxd4 15. exd4 Bb5 16. Ne5 Bxd3 17. Nxd3 Nc6 18. b3 Nxd4 19. Bb2 Nf5 20. Rac1 0-0 21. Rc6 Ne4 22. Rfc1 Nfd6 23. Ba3 Rfd8 24. Nc5 Nxc5 25. Bxc5 Ne4 26. Bb6 Re8 27. a4 f6 28. a5 Kf7 29. Rc7+ Kg6 30. Rd7 Rac8 31. Rcc7 Rxc7 32. Rxc7 Nd2 33. b4 Nc4 34. Bc5 Rd8 35. Re7 e5 36. Kf2 1/2-1/2

[Event "Manaus op"]
[Site "Manaus"]
[Date "2024.10.12"]
[Round "2"]
[White "Molina, Roberto Junio Brito"]
[Black "Gutierrez, Enrique Alberto Sot"]
[Result "1-0"]
[WhiteElo "2381"]
[BlackElo "1907"]
[PlyCount "41"]
[EventDate "2024.10.11"]
[EventType "swiss"]
[EventRounds "9"]
[EventCountry "BRA"]
[SourceTitle "CB43_2024"]
[Source "Chessbase"]
[SourceDate "2024.10.23"]
[SourceVersion "1"]
[SourceVersionDate "2024.10.23"]
[SourceQuality "1"]

1. d4 d6 2. c4 e5 3. Nf3 e4 4. Ng5 f5 5. Nc3 c6 6. d5 Be7 7. Nh3 Nf6 8. g3 Na6 9. Bg2 Nc7 10. f3 0-0 11. 0-0 Bd7 12. fxe4 Nxe4 13. Nxe4 fxe4 14. Nf2 cxd5 15. cxd5 e3 16. Bxe3 Bf6 17. Qd2 Qe7 18. Ne4 Be5 19. Rxf8+ Rxf8 20. Bg5 Qe8 21. Bf4 1-0

[Event "Manaus op 2nd"]
[Site "Manaus"]
[Date "2023.10.17"]
[Round "9"]
[White "Zallio, Luciano de Souza"]
[Black "Gutierrez, Enrique Alberto Sot"]
[Result "1-0"]
[WhiteElo "2055"]
[BlackElo "1852"]
[PlyCount "71"]
[EventDate "2023.10.11"]
[EventType "swiss"]
[EventRounds "9"]
[EventCountry "BRA"]
[SourceTitle "CBM 216 Extra"]
[Source "ChessBase"]
[SourceDate "2023.11.30"]
[SourceVersion "1"]
[SourceVersionDate "2023.11.30"]
[SourceQuality "1"]

1. e4 c5 2. Nf3 g6 3. d4 cxd4 4. Nxd4 Bg7 5. Nc3 Nc6 6. Be3 Nf6 7. Nb3 0-0 8. f3 a5 9. a4 d6 10. Qd2 Be6 11. g4 Ne5 12. Nd4 Nc4 13. Bxc4 Bxc4 14. 0-0-0 Nd7 15. h4 Nc5 16. h5 Qd7 17. Bh6 Bh8 18. Qh2 Rfc8 19. hxg6 fxg6 20. Be3 e5 21. Ndb5 Bxb5 22. Bxc5 Rxc5 23. Rxd6 Qf7 24. Nxb5 Rac8 25. Rd2 Qe7 26. Kb1 Bf6 27. Rhd1 Qf8 28. Rd7 h6 29. c3 Bg5 30. Qe2 R5c6 31. Rxb7 Rd8 32. Rdd7 Rxd7 33. Rxd7 Rc5 34. Qd1 Be7 35. Nd6 Kh8 36. Nb7 1-0

[Event "Manaus Amazonas Cup"]
[Site "Manaus"]
[Date "2022.12.10"]
[Round "6"]
[White "Portela, Flavio de Oliveira"]
[Black "Gutierrez, Enrique Alberto Sot"]
[Result "1-0"]
[WhiteElo "1432"]
[BlackElo "1866"]
[PlyCount "92"]
[EventDate "2022.12.03"]
[EventType "swiss"]
[EventRounds "7"]
[EventCountry "BRA"]
[SourceTitle "EXT 2024"]
[Source "ChessBase"]
[SourceDate "2023.10.10"]
[SourceVersion "1"]
[SourceVersionDate "2023.10.10"]
[SourceQuality "1"]

1. d4 Nf6 2. c4 g6 3. Nc3 Bg7 4. Nf3 d6 5. Bg5 0-0 6. e3 Nbd7 7. d5 Nc5 8. Nd4 Nfe4 9. Bh4 Nxc3 10. bxc3 c6 11. Be2 Ne4 12. Qc2 Nxc3 13. Qxc3 c5 14. 0-0 Bd7 15. Rad1 Re8 16. Qb3 cxd4 17. exd4 b6 18. Rd3 Qc7 19. Bg3 Rac8 20. Rc1 Bf5 21. Rdd1 Qd7 22. c5 bxc5 23. Bb5 Qd8 24. Bxe8 Qxe8 25. dxc5 dxc5 26. Rc4 Bd4 27. h4 e5 28. h5 Rb8 29. Qf3 Qd7 30. hxg6 fxg6 31. Rdc1 Qd6 32. Ra4 Rb7 33. Bh2 Rf7 34. Qb3 Bxf2+ 35. Kh1 Bd4 36. Qa3 Be4 37. Rxd4 Bxg2+ 38. Kxg2 Qf6 39. Rdd1 Qf2+ 40. Kh1 Rf3 41. Qxc5 Qh4 42. Qc8+ Kg7 43. Qc7+ Kh6 44. Qxe5 Qh3 45. d6 Rf2 46. Qg3 Qf5 1-0

[Event "Amazonas-ch"]
[Site "Manaus"]
[Date "2018.12.??"]
[Round "2"]
[White "Farias, Igor Borge Cardoso"]
[Black "Gutierrez, Enrique Alberto Sot"]
[Result "1-0"]
[WhiteElo "1889"]
[BlackElo "1884"]
[PlyCount "65"]
[EventDate "2018.12.01"]
[EventType "match"]
[EventRounds "9"]
[EventCountry "BRA"]
[SourceTitle "EXT 2022"]
[Source "ChessBase"]
[SourceDate "2021.10.06"]
[SourceVersion "1"]
[SourceVersionDate "2021.10.06"]
[SourceQuality "1"]

1. Nf3 f5 2. g3 b6 3. Bg2 Bb7 4. 0-0 Nf6 5. b3 e6 6. Bb2 Be7 7. d3 0-0 8. Nbd2 d6 9. e4 f4 10. Ng5 Bc8 11. Bh3 e5 12. Be6+ Kh8 13. Nf7+ Rxf7 14. Bxf7 b5 15. gxf4 Bh3 16. Re1 Qf8 17. Bh5 Nc6 18. Re3 g6 19. Rxh3 Nxh5 20. fxe5 dxe5 21. Qg4 Bc5 22. Rf3 Qh6 23. Qe6 Qg5+ 24. Kh1 Nd4 25. Bxd4 Bxd4 26. Qc6 Rg8 27. c3 Qxd2 28. cxd4 Qe2 29. Rf7 Qxd3 30. Qxc7 Nf6 31. Rxf6 Qxe4+ 32. f3 Qxd4 33. Re1 1-0

[Event "Amazonas-ch"]
[Site "Manaus"]
[Date "2018.12.??"]
[Round "8"]
[White "Gutierrez, Enrique Alberto Sot"]
[Black "Da Silva, Mikhail Zoltan Iwan"]
[Result "0-1"]
[WhiteElo "1884"]
[BlackElo "2056"]
[PlyCount "70"]
[EventDate "2018.12.01"]
[EventType "match"]
[EventRounds "9"]
[EventCountry "BRA"]
[SourceTitle "EXT 2022"]
[Source "ChessBase"]
[SourceDate "2021.10.06"]
[SourceVersion "1"]
[SourceVersionDate "2021.10.06"]
[SourceQuality "1"]

1. d4 Nf6 2. c4 c6 3. Nc3 d5 4. Nf3 e6 5. e3 Nbd7 6. a3 Bd6 7. Bd3 0-0 8. 0-0 a6 9. e4 dxc4 10. Bxc4 b5 11. Ba2 e5 12. d5 c5 13. Qe2 c4 14. b3 cxb3 15. Bxb3 Nc5 16. Bc2 Bg4 17. h3 Bh5 18. Bg5 h6 19. Bh4 Qe7 20. g4 Bg6 21. Nd2 Rfc8 22. f3 Ne6 23. Ndb1 Nf4 24. Qh2 b4 25. axb4 Bxb4 26. Be1 Qc5+ 27. Kh1 Qc4 28. Rf2 Ne8 29. Na3 Qd4 30. Rd1 Qa7 31. Ncb5 Qc5 32. Bxb4 Qxb4 33. Rb1 Qc5 34. Ba4 axb5 35. Rc2 Qxa3 0-1

[Event "BRA-ch 85th sf Reg2"]
[Site "Manaus"]
[Date "2018.11.02"]
[Round "3"]
[White "De Oliveira, Victor Gabriel C"]
[Black "Gutierrez, Enrique Alberto Sot"]
[Result "1-0"]
[WhiteElo "2102"]
[BlackElo "1886"]
[PlyCount "65"]
[EventDate "2018.11.01"]
[EventType "swiss"]
[EventRounds "7"]
[EventCountry "BRA"]
[SourceTitle "CBM 189 Extra"]
[Source "ChessBase"]
[SourceDate "2019.05.31"]
[SourceVersion "1"]
[SourceVersionDate "2019.05.31"]
[SourceQuality "1"]

1. e4 c5 2. Nf3 Nc6 3. Bb5 d6 4. h3 Nf6 5. Qe2 Bd7 6. c3 Rc8 7. 0-0 e6 8. d4 cxd4 9. cxd4 a6 10. Bc4 Qc7 11. Nbd2 b5 12. Bb3 Be7 13. Re1 0-0 14. Nf1 Na5 15. Bd1 Bc6 16. Ng3 Rfe8 17. Bc2 Bb7 18. Bd3 Nc6 19. Bd2 Qb6 20. Qe3 e5 21. Nf5 exd4 22. Qg5 Bf8 23. Nh6+ Kh8 24. Nxf7+ Kg8 25. Nh6+ Kh8 26. Rac1 Ne5 27. Nxe5 dxe5 28. Nf7+ Kg8 29. Rxc8 Bxc8 30. Nxe5 Qe6 31. Nf3 Qxa2 32. e5 Nd5 33. Bxh7+ 1-0

[Event "BRA-ch 85th sf Reg2"]
[Site "Manaus"]
[Date "2018.11.02"]
[Round "2"]
[White "Gutierrez, Enrique Alberto Sot"]
[Black "Simas Neto, Felipe Jairo Novo"]
[Result "1-0"]
[WhiteElo "1886"]
[BlackElo "1632"]
[PlyCount "174"]
[EventDate "2018.11.01"]
[EventType "swiss"]
[EventRounds "7"]
[EventCountry "BRA"]
[SourceTitle "CBM 189 Extra"]
[Source "ChessBase"]
[SourceDate "2019.05.31"]
[SourceVersion "1"]
[SourceVersionDate "2019.05.31"]
[SourceQuality "1"]

1. Nf3 Nf6 2. d4 d5 3. c4 e6 4. e3 Be7 5. Nc3 0-0 6. Be2 a6 7. 0-0 dxc4 8. Bxc4 b5 9. Be2 Bb7 10. b3 Nbd7 11. Bb2 c5 12. Rc1 Rc8 13. Rc2 cxd4 14. Nxd4 Nb6 15. a3 Nbd5 16. b4 Qb6 17. Qb1 Nxc3 18. Rxc3 Rxc3 19. Bxc3 Nd5 20. Bd2 Rc8 21. Rc1 Bf6 22. Rxc8+ Bxc8 23. Qc1 Bb7 24. Nb3 Be7 25. e4 Nf6 26. Be3 Qc6 27. f3 Qxc1+ 28. Bxc1 Nd7 29. Be3 Bf6 30. Kf1 Bb2 31. Bc1 Bxc1 32. Nxc1 Nb6 33. Nb3 Kf8 34. Nc5 Bc8 35. Ke1 Ke7 36. Kd2 Kd6 37. Ke3 e5 38. h4 h6 39. g3 Nd7 40. Nb3 g6 41. Bd3 Nf6 42. Bc2 Nh5 43. Kf2 f5 44. Nc5 f4 45. g4 Ng7 46. Bb3 g5 47. h5 Ne6 48. Bxe6 Bxe6 49. Nxa6 Kc6 50. Ke2 Bc4+ 51. Kd2 Bf1 52. Nc5 Kd6 53. Nb7+ Kc7 54. Na5 Kb6 55. Nb3 Kc6 56. Nc5 Kd6 57. Nd3 Ke6 58. Nb2 Kd6 59. Nd1 Kc6 60. Nc3 Bc4 61. a4 bxa4 62. Nxa4 Kb5 63. Nc5 Kc6 64. Nd3 Kd6 65. Kc3 Bb5 66. Kd2 Bc4 67. Nb2 Bb5 68. Nd1 Bc4 69. Nc3 Kc6 70. Kc2 Kd6 71. Nb1 Be2 72. Nd2 Bb5 73. Kb3 Ke6 74. Nc4 Bc6 75. Kc2 Bb5 76. Kc3 Bc6 77. Na5 Bb5 78. Nb3 Be2 79. Nd2 Bb5 80. Nc4 Bc6 81. Na3 Kd6 82. b5 Bb7 83. Kb4 Kc7 84. Kc5 Kd7 85. Nc4 Ke6 86. Nd6 Ba8 87. b6 Kd7 1-0

[Event "BRA-ch 85th sf Reg2"]
[Site "Manaus"]
[Date "2018.11.01"]
[Round "1"]
[White "Rocha, Vitor Firmo de Souz"]
[Black "Gutierrez, Enrique Alberto Sot"]
[Result "1-0"]
[WhiteElo "2174"]
[BlackElo "1886"]
[PlyCount "29"]
[EventDate "2018.11.01"]
[EventType "swiss"]
[EventRounds "7"]
[EventCountry "BRA"]
[SourceTitle "CBM 189 Extra"]
[Source "ChessBase"]
[SourceDate "2019.05.31"]
[SourceVersion "1"]
[SourceVersionDate "2019.05.31"]
[SourceQuality "1"]

1. e4 e5 2. Nf3 Nc6 3. d4 exd4 4. Bc4 Nf6 5. e5 d5 6. Bb5 Bb4+ 7. c3 dxc3 8. bxc3 0-0 9. cxb4 Nxe5 10. Nxe5 Qe7 11. Qd4 c6 12. Be2 Re8 13. Bb2 Nd7 14. 0-0 Nxe5 15. f4 1-0

[Event "Manaus Regional Norte-ch"]
[Site "Manaus"]
[Date "2018.10.14"]
[Round "6"]
[White "Dos Santos, Wesley Cesar Reis"]
[Black "Gutierrez, Enrique Alberto Sot"]
[Result "0-1"]
[WhiteElo "1699"]
[BlackElo "1884"]
[PlyCount "92"]
[EventDate "2018.10.11"]
[EventType "swiss"]
[EventRounds "7"]
[EventCountry "BRA"]
[SourceTitle "CBM 186 Extra"]
[Source "ChessBase"]
[SourceDate "2018.08.24"]
[SourceVersion "1"]
[SourceVersionDate "2018.08.24"]
[SourceQuality "1"]

1. e4 c5 2. Nf3 Nc6 3. Bb5 d6 4. d4 cxd4 5. Nxd4 Bd7 6. Nxc6 Bxc6 7. Bxc6+ bxc6 8. c4 Nf6 9. Nc3 e5 10. 0-0 Be7 11. Bg5 0-0 12. Qd3 Ne8 13. Be3 Bg5 14. Bxg5 Qxg5 15. Rad1 Qe7 16. Ne2 Rd8 17. Ng3 g6 18. f4 Nc7 19. f5 f6 20. fxg6 hxg6 21. Qf3 Qe6 22. b3 d5 23. Qf2 d4 24. Rd3 Rd7 25. Qf3 c5 26. h4 Ne8 27. h5 g5 28. h6 Nd6 29. Qh5 Kh7 30. Qf3 Rdf7 31. Qh5 Rg8 32. Rdf3 Rg6 33. R3f2 Rxh6 34. Qe2 Kg8 35. Nf5 Nxf5 36. Rxf5 Rfh7 37. Kf2 Rh1 38. Rxh1 Rxh1 39. Qg4 Qe7 40. Rf3 Rh4 41. Qc8+ Kg7 42. Qc6 Rf4 43. Rxf4 exf4 44. Kf3 f5 45. exf5 Qe3+ 46. Kg4 Qg3+ 0-1

[Event "Manaus Amazonas-ch"]
[Site "Manaus"]
[Date "2017.10.29"]
[Round "8"]
[White "Rodrigues, Giorgy Friedman B"]
[Black "Gutierrez, Enrique Alberto Sot"]
[Result "1-0"]
[WhiteElo "2066"]
[BlackElo "1859"]
[PlyCount "97"]
[EventDate "2017.10.21"]
[EventType "swiss"]
[EventRounds "9"]
[EventCountry "BRA"]
[SourceTitle "CBM 181 Extra"]
[Source "ChessBase"]
[SourceDate "2017.12.12"]
[SourceVersion "1"]
[SourceVersionDate "2017.12.12"]
[SourceQuality "1"]

1. Nf3 d5 2. g3 Nf6 3. Bg2 e6 4. 0-0 Bd6 5. d3 0-0 6. Nbd2 Nbd7 7. e4 c6 8. Qe2 dxe4 9. dxe4 e5 10. Nc4 Bc7 11. a4 Qe7 12. b3 Nb6 13. Ba3 c5 14. Ncd2 a5 15. Qe3 Nbd7 16. Nh4 Ng4 17. Nf5 Qf6 18. Qe2 Nh6 19. Ne3 Qa6 20. Ndc4 f6 21. Nd5 Bd8 22. Bh3 b6 23. f4 exf4 24. gxf4 Nb8 25. Bxc8 Qxc8 26. Ncxb6 Qa6 27. Qxa6 Rxa6 28. Bxc5 Re8 29. Rfe1 Re6 30. Nc4 Rac6 31. Ba3 Na6 32. Rad1 Nf7 33. Kf2 Nc5 34. Nc3 f5 35. Kf3 fxe4+ 36. Nxe4 Nxa4 37. Ned6 Rxe1 38. Rxe1 Nxd6 39. Nxd6 Rc3+ 40. Re3 Rxe3+ 41. Kxe3 Bb6+ 42. Kd3 Nc5+ 43. Bxc5 Bxc5 44. Nc4 Bg1 45. h3 Bh2 46. Ke4 a4 47. bxa4 h6 48. a5 Bg1 49. Ne3 1-0

[Event "Manaus Amazonas-ch"]
[Site "Manaus"]
[Date "2017.10.22"]
[Round "3"]
[White "Gutierrez, Enrique Alberto Sot"]
[Black "Dantas, Caetano Melo"]
[Result "1-0"]
[WhiteElo "1859"]
[BlackElo "1645"]
[PlyCount "65"]
[EventDate "2017.10.21"]
[EventType "swiss"]
[EventRounds "9"]
[EventCountry "BRA"]
[SourceTitle "CBM 181 Extra"]
[Source "ChessBase"]
[SourceDate "2017.12.12"]
[SourceVersion "1"]
[SourceVersionDate "2017.12.12"]
[SourceQuality "1"]

1. d4 Nf6 2. c4 g6 3. Nc3 Bg7 4. e4 d6 5. Bd3 0-0 6. Nge2 Nc6 7. h3 Nd7 8. Be3 e5 9. d5 Ne7 10. 0-0 b6 11. Ng3 Nf6 12. b4 Nxe4 13. Ngxe4 f5 14. f3 fxe4 15. fxe4 Bd7 16. a3 Nc8 17. Ra2 a6 18. Raf2 Rxf2 19. Rxf2 Qe7 20. Be2 Na7 21. Qf1 Rf8 22. a4 Nc8 23. c5 dxc5 24. bxc5 bxc5 25. Bxa6 Nb6 26. a5 Na4 27. Nxa4 Bxa4 28. Qc4 Bd7 29. Bxc5 Qd8 30. Bxf8 Bxf8 31. d6+ Kh8 32. dxc7 Qe7 33. Qf7 1-0

[Event "Manaus Amazonas-ch"]
[Site "Manaus"]
[Date "2017.04.14"]
[Round "3"]
[White "Lima, Endson dos Santos"]
[Black "Gutierrez, Enrique Alberto Sot"]
[Result "1-0"]
[WhiteElo "2065"]
[BlackElo "1852"]
[PlyCount "41"]
[EventDate "2017.04.13"]
[EventType "swiss"]
[EventRounds "7"]
[EventCountry "BRA"]
[SourceTitle "CBM 177 Extra"]
[Source "ChessBase"]
[SourceDate "2017.04.27"]
[SourceVersion "1"]
[SourceVersionDate "2017.04.27"]
[SourceQuality "1"]

1. d4 Nf6 2. Nf3 e6 3. g3 b6 4. Bg2 Bb7 5. 0-0 Be7 6. c4 d5 7. Ne5 0-0 8. Nc3 Qc8 9. cxd5 exd5 10. Bf4 Rd8 11. Rc1 a6 12. Qb3 Qe6 13. Nd3 Rc8 14. Be5 Nc6 15. Nf4 Na5 16. Qd1 Qd7 17. Bxf6 Bxf6 18. Ncxd5 Qd8 19. b4 g5 20. bxa5 gxf4 21. Nxf6+ 1-0

[Event "Amazonas-ch"]
[Site "Manaus"]
[Date "2016.10.22"]
[Round "7.3"]
[White "Gutierrez, Enrique Alberto Sot"]
[Black "De Oliveira Freitas, Reinier Alex"]
[Result "1-0"]
[WhiteElo "1887"]
[BlackElo "1861"]
[PlyCount "67"]
[EventDate "2016.10.15"]
[EventType "tourn"]
[EventRounds "8"]
[EventCountry "BRA"]
[SourceTitle "EXT 2022"]
[Source "ChessBase"]
[SourceDate "2021.10.06"]
[SourceVersion "1"]
[SourceVersionDate "2021.10.06"]
[SourceQuality "1"]

1. d4 c6 2. c4 d5 3. Nf3 Nf6 4. Nc3 g6 5. cxd5 cxd5 6. Bf4 Nc6 7. e3 Nh5 8. Bg5 f6 9. Bh4 Ng7 10. Be2 Nf5 11. Bg3 a6 12. Bf4 Be6 13. g4 Ng7 14. h3 Qd7 15. Na4 Qd8 16. Rc1 Rc8 17. Kf1 h5 18. g5 Bf5 19. Nc5 Qb6 20. Nh4 e5 21. gxf6 exf4 22. fxg7 Bxg7 23. Nxf5 gxf5 24. Ne6 Bh6 25. Nxf4 Bxf4 26. exf4 Kd7 27. Rg1 Ne7 28. Qa4+ Kd8 29. Rxc8+ Kxc8 30. Qc2+ Kb8 31. Qc5 Qe6 32. Rg7 Nc6 33. Qb6 Nd8 34. Rxb7+ 1-0

[Event "Amazonas-ch"]
[Site "Manaus"]
[Date "2016.10.19"]
[Round "5.4"]
[White "Gutierrez, Enrique Alberto Sot"]
[Black "De Oliveira, Victor Gabriel C"]
[Result "0-1"]
[WhiteElo "1887"]
[BlackElo "2087"]
[PlyCount "104"]
[EventDate "2016.10.15"]
[EventType "tourn"]
[EventRounds "8"]
[EventCountry "BRA"]
[SourceTitle "EXT 2022"]
[Source "ChessBase"]
[SourceDate "2021.10.06"]
[SourceVersion "1"]
[SourceVersionDate "2021.10.06"]
[SourceQuality "1"]

1. d4 Nf6 2. c4 e6 3. g3 d5 4. Nf3 b6 5. Bg2 Be7 6. 0-0 0-0 7. Nc3 Bb7 8. Ne5 Nbd7 9. cxd5 exd5 10. Qb3 c6 11. Bf4 Nxe5 12. dxe5 Nd7 13. h4 Re8 14. e4 Nc5 15. Qc2 d4 16. Rfd1 Ne6 17. Ne2 Ba6 18. Be3 Bc5 19. Nf4 d3 20. Qd2 Bxe3 21. fxe3 Nxf4 22. exf4 Qd4+ 23. Qf2 Rad8 24. Rd2 c5 25. a4 Qb4 26. Ra3 Rd4 27. Qe3 Red8 28. f5 c4 29. f6 Bc8 30. Qg5 Qf8 31. Bf3 h6 32. Qf4 Be6 33. g4 g6 34. Kf2 Kh7 35. Ra1 Qc5 36. Kg3 Bd7 37. Kh2 Re8 38. g5 Qxe5 39. Qxe5 Rxe5 40. Kg3 Bc6 41. Kf4 Re8 42. Re1 a5 43. Kg3 Bxe4 44. Bd1 Bc6 45. Rxe8 Bxe8 46. Rf2 Re4 47. Rf4 Re1 48. Kf2 Rxd1 49. Re4 d2 50. Rxe8 Rh1 51. Rf8 d1Q 52. Rxf7+ Kg8 0-1

[Event "Amazonas-ch"]
[Site "Manaus"]
[Date "2016.10.16"]
[Round "3.4"]
[White "Leite, Thales Ferreira"]
[Black "Gutierrez, Enrique Alberto Sot"]
[Result "1-0"]
[WhiteElo "1801"]
[BlackElo "1887"]
[PlyCount "85"]
[EventDate "2016.10.15"]
[EventType "tourn"]
[EventRounds "8"]
[EventCountry "BRA"]
[SourceTitle "EXT 2022"]
[Source "ChessBase"]
[SourceDate "2021.10.06"]
[SourceVersion "1"]
[SourceVersionDate "2021.10.06"]
[SourceQuality "1"]

1. e4 c5 2. Nf3 Nc6 3. d4 cxd4 4. Nxd4 e5 5. Nb5 d6 6. N1c3 a6 7. Na3 Be6 8. Nc4 f5 9. exf5 Bxf5 10. Ne3 Be6 11. Ned5 Nf6 12. Bg5 Be7 13. Bxf6 Bxf6 14. Bd3 Ne7 15. Nxf6+ gxf6 16. Qh5+ Bf7 17. Qf3 f5 18. Bxf5 Nxf5 19. Qxf5 0-0 20. 0-0-0 Bg6 21. Qe6+ Kh8 22. Rd2 Qg5 23. f3 Rad8 24. Qg4 Qh6 25. h4 Rf4 26. Qg5 Qf8 27. h5 Bf7 28. Ne2 h6 29. Qg3 Rf5 30. Qh4 Bg8 31. Nc3 Rf4 32. Qg3 Rc8 33. Rhd1 Rc6 34. Qh3 Rfc4 35. Qd7 Rxc3 36. bxc3 d5 37. Qxb7 Rxc3 38. Qb2 d4 39. Re1 Ra3 40. Rxe5 Rxa2 41. Qxd4 Qa3+ 42. Kd1 Ra1+ 43. Ke2 1-0

[Event "Manaus Amazonas-ch"]
[Site "Manaus"]
[Date "2016.09.17"]
[Round "5"]
[White "Gutierrez, Enrique Alberto Sot"]
[Black "Bezerra, Fabiano de Oliveira"]
[Result "0-1"]
[WhiteElo "1891"]
[BlackElo "1873"]
[PlyCount "103"]
[EventDate "2016.09.09"]
[EventType "swiss"]
[EventRounds "7"]
[EventCountry "BRA"]
[SourceTitle "CBM 174 Extra"]
[Source "ChessBase"]
[SourceDate "2016.10.10"]
[SourceVersion "1"]
[SourceVersionDate "2016.10.10"]
[SourceQuality "1"]

1. d4 Nf6 2. c4 c5 3. d5 e6 4. Nc3 exd5 5. cxd5 d6 6. e4 g6 7. Nf3 Bg7 8. h3 0-0 9. Bd3 Re8 10. 0-0 Na6 11. Re1 Nc7 12. Bf4 b5 13. Nxb5 Nxb5 14. Bxb5 Rxe4 15. Rxe4 Nxe4 16. Qa4 Rb8 17. Re1 Nf6 18. Bg5 Bd7 19. Bc6 h6 20. Bxf6 Bxc6 21. dxc6 Bxf6 22. Qxa7 Ra8 23. Qd7 Qxd7 24. cxd7 Kf8 25. Nd2 Rd8 26. Nc4 Rxd7 27. Rd1 Ke7 28. Re1+ Kd8 29. Nb6 Ra7 30. Rd1 Bd4 31. a3 Rb7 32. Nc4 d5 33. Na5 Rxb2 34. Nc6+ Kc7 35. Nxd4 cxd4 36. Rxd4 Rb1+ 37. Kh2 Kc6 38. h4 Kc5 39. Rf4 d4 40. Rxf7 d3 41. Rd7 Kc4 42. Kg3 Kc3 43. Rc7+ Kd2 44. h5 g5 45. f4 gxf4+ 46. Kf2 Rb5 47. a4 Rxh5 48. Rc4 Re5 49. Rc6 Ra5 50. Rc4 Re5 51. Rc6 Re8 52. Rxh6 0-1

[Event "Manaus Amazonas-ch"]
[Site "Manaus"]
[Date "2016.09.11"]
[Round "4"]
[White "Da Silva, Mikhail Zoltan Iwan"]
[Black "Gutierrez, Enrique Alberto Sot"]
[Result "1/2-1/2"]
[WhiteElo "1936"]
[BlackElo "1891"]
[PlyCount "61"]
[EventDate "2016.09.09"]
[EventType "swiss"]
[EventRounds "7"]
[EventCountry "BRA"]
[SourceTitle "CBM 174 Extra"]
[Source "ChessBase"]
[SourceDate "2016.10.10"]
[SourceVersion "1"]
[SourceVersionDate "2016.10.10"]
[SourceQuality "1"]

1. e4 c5 2. Nf3 Nc6 3. d4 cxd4 4. Nxd4 e5 5. Nb5 d6 6. c4 Be7 7. Be2 a6 8. N5a3 Nd4 9. Nc3 f5 10. f4 Nf6 11. 0-0 fxe4 12. fxe5 dxe5 13. Nc2 0-0 14. b3 Nxe2+ 15. Qxe2 Qd3 16. Bb2 Bc5+ 17. Kh1 Bg4 18. Qxd3 exd3 19. Ne1 e4 20. h3 Bh5 21. g4 Bg6 22. Na4 Be7 23. Ng2 Nd7 24. Ne3 Bf6 25. Bxf6 Nxf6 26. Nb6 Rad8 27. b4 Rf7 28. a4 Nd7 29. Nbd5 Ne5 30. c5 Nf3 31. b5 1/2-1/2

[Event "Manaus Amazonas-ch"]
[Site "Manaus"]
[Date "2016.09.09"]
[Round "1"]
[White "Gutierrez, Enrique Alberto Sot"]
[Black "Nunes, Lucas Roberto Almei"]
[Result "1-0"]
[WhiteElo "1891"]
[BlackElo "1771"]
[PlyCount "69"]
[EventDate "2016.09.09"]
[EventType "swiss"]
[EventRounds "7"]
[EventCountry "BRA"]
[SourceTitle "CBM 174 Extra"]
[Source "ChessBase"]
[SourceDate "2016.10.10"]
[SourceVersion "1"]
[SourceVersionDate "2016.10.10"]
[SourceQuality "1"]

1. d4 Nf6 2. c4 d5 3. Nf3 e6 4. Nc3 dxc4 5. e3 Bd6 6. Bxc4 0-0 7. 0-0 b6 8. Qe2 Ba6 9. Bxa6 Nxa6 10. Qxa6 Qc8 11. Qe2 c6 12. Rd1 b5 13. a3 b4 14. axb4 Bxb4 15. Bd2 Bxc3 16. Bxc3 Ne4 17. Rdc1 Qb8 18. Be1 Qd8 19. Rxc6 Qd7 20. Ne5 Qd5 21. f3 Nf6 22. Rc7 a5 23. Rc5 Qd8 24. Raxa5 Rxa5 25. Bxa5 Qa8 26. b4 Qb7 27. Rc7 Qb5 28. Qxb5 Ne8 29. Rxf7 Rxf7 30. Qxe8+ Rf8 31. Qxe6+ Kh8 32. Nf7+ Kg8 33. Nh6+ Kh8 34. Qg8+ Rxg8 35. Nf7# 1-0

[Event "Manaus FAX GM do Spassky 1st"]
[Site "Manaus"]
[Date "2016.04.02"]
[Round "3.3"]
[White "Farias, Sergio Luiz Cardoso"]
[Black "Gutierrez, Enrique Alberto Sot"]
[Result "0-1"]
[WhiteElo "1647"]
[BlackElo "1873"]
[PlyCount "59"]
[EventDate "2016.03.26"]
[EventType "swiss"]
[EventRounds "6"]
[EventCountry "BRA"]
[SourceTitle "EXT 2022"]
[Source "ChessBase"]
[SourceDate "2021.10.06"]
[SourceVersion "1"]
[SourceVersionDate "2021.10.06"]
[SourceQuality "1"]

1. e4 c5 2. Nc3 Nc6 3. Bb5 g6 4. Bxc6 dxc6 5. d3 Bg7 6. Nge2 Nf6 7. 0-0 0-0 8. f4 Bg4 9. f5 Nd7 10. h3 Bxe2 11. Nxe2 Qb6 12. c3 Rad8 13. Rb1 Ne5 14. d4 cxd4 15. cxd4 c5 16. Be3 Nc4 17. Bf2 cxd4 18. Qd3 Ne3 19. Rfc1 Rc8 20. Qa3 gxf5 21. exf5 Nxf5 22. g4 Nd6 23. Qd3 e5 24. b3 e4 25. Qg3 e3 26. Nxd4 exf2+ 27. Kg2 Bxd4 28. Rd1 Rc2 29. Qf4 f1Q+ 30. Kxf1 0-1

[Event "Manaus Region-ch sf"]
[Site "Manaus"]
[Date "2015.10.31"]
[Round "3"]
[White "Gutierrez, Enrique Alberto Sot"]
[Black "Macedo, Maximo Iack Miranda"]
[Result "0-1"]
[WhiteElo "1864"]
[BlackElo "2317"]
[PlyCount "68"]
[EventDate "2015.10.30"]
[EventType "swiss"]
[EventRounds "7"]
[EventCountry "BRA"]
[SourceTitle "CBM 169 Extra"]
[Source "ChessBase"]
[SourceDate "2015.12.18"]
[SourceVersion "1"]
[SourceVersionDate "2015.12.18"]
[SourceQuality "1"]

1. d4 d5 2. c4 e6 3. Nc3 Bb4 4. e3 Nf6 5. Bd3 c5 6. cxd5 exd5 7. Nge2 Nc6 8. 0-0 0-0 9. a3 Bxc3 10. bxc3 b6 11. a4 Re8 12. Ng3 Bb7 13. Re1 Qc7 14. Ba3 Nd8 15. Nh5 Nxh5 16. Qxh5 g6 17. Qg4 Ne6 18. Rac1 Rad8 19. g3 Qd7 20. Bc2 Nxd4 21. Qxd7 Nf3+ 22. Kf1 Rxd7 23. Red1 Nxh2+ 24. Kg2 Ng4 25. Kg1 Ne5 26. Bb3 Red8 27. a5 Nf3+ 28. Kf1 Ba6+ 29. Kg2 Be2 30. Rh1 Nd2 31. Ba4 Rd6 32. Rh2 Bf3+ 33. Kg1 Nc4 34. Ra1 Nxa5 0-1